Statistics for Name the Continents

Click here to take the quiz!

General Stats

  • This quiz has been taken 29 times
  • The average score is 7 of 7

Answer Stats

Continent% Correct
Africa
100%
Asia
100%
Europe
96%
North America
96%
South America
96%
Australia
92%
Antarctica
88%

Score Distribution

Percentile by Number Answered

Percent of People with Each Score

Your Score History

You have not taken this quiz